Quatre jours de travail trois jours de repos: un bilan de l'expérience des 4 x 10 a Peugeot - Poissy.

O novej organizácii práce vo francúzskom podniku Peugeot-Poissy, ktorou sa nesporne zlepší produktivita. Bilancia sociálneho plánu je väčšmi zmiernená. Treba zachrániť zamestnanosť. Zhoršenie pracovných podmienok? Sociálne ukazovatele. Kryštalizácia škôd. Príloha: pracovný čas a používanie strojov....

Ausführliche Beschreibung

Gespeichert in:
Bibliographische Detailangaben
1. Verfasser: Chanut, J.Ch
Format: Buchkapitel
Sprache:Französisch
Schlagworte:
Tags: Tag hinzufügen
Keine Tags, Fügen Sie das erste Tag hinzu!

MARC

LEADER 00000naa a2200000 4500
001 r008295
005 20220913124639.4
041 0 |a fre 
044 |a FR 
245 1 0 |a Quatre jours de travail trois jours de repos: un bilan de l'expérience des 4 x 10 a Peugeot - Poissy.  |c J.Ch. Chanut 
520 |a O novej organizácii práce vo francúzskom podniku Peugeot-Poissy, ktorou sa nesporne zlepší produktivita. Bilancia sociálneho plánu je väčšmi zmiernená. Treba zachrániť zamestnanosť. Zhoršenie pracovných podmienok? Sociálne ukazovatele. Kryštalizácia škôd. Príloha: pracovný čas a používanie strojov. (Liaisons sociales 1992, č.66). 
610 2 0 |a organizácia práce 
610 2 0 |a Francúzsko 
610 2 0 |a produktivita práce 
610 2 0 |a zamestnanosť 
610 2 0 |a ukazovatele sociálne 
610 2 0 |a podmienky pracovné 
610 2 0 |a čas pracovný 
610 2 0 |a stroje 
100 1 |a Chanut, J.Ch.